书目信息 |
| 题名: |
党性党风党纪教育读本
|
|
| 作者: | ;党性党风党纪教育读本编写组 编写 | |
| 分册: | ||
| 出版信息: | 北京 中国方正出版社 2023 |
|
| 页数: | 329页 | |
| 开本: | 24cm | |
| 丛书名: | ||
| 单 册: | ||
| 中图分类: | D263.3 , D261.3 | |
| 科图分类: | ||
| 主题词: | ||
| 电子资源: | ||
| ISBN: | 978-7-5174-1167-3 | |
| 000 | 01167nam0 2200265 450 | |
| 001 | 012024000108 | |
| 005 | 20240924225023.0 | |
| 010 | @a978-7-5174-1167-3@dCNY48.00 | |
| 100 | @a20240924d2023 em y0chiy50 ea | |
| 101 | 0 | @achi |
| 102 | @aCN@b110000 | |
| 105 | @ay z 000yy | |
| 106 | @ar | |
| 200 | 1 | @a党性党风党纪教育读本@Adang xing dang feng dang ji jiao yu du ben@f党性党风党纪教育读本编写组编写 |
| 210 | @a北京@c中国方正出版社@d2023 | |
| 215 | @a329页@d24cm | |
| 330 | @a本书立足新时代、回望一百年,设置“党性篇”“党风篇”“党纪篇”共十二章,从历史与现实、理论与实践等不同维度,着力回答为什么要重视党性党风党纪、历史上有哪些好传统、新时代如何强化党性党风党纪等问题,引导全体党员干部从思想上固本培元,以坚强的党性、优良的党风、严明的党纪迈上全面建设社会主义现代化国家新征程。 | |
| 601 | 02 | @a中国共产党@x党性@x修养@j学习参考资料 |
| 601 | 02 | @a中国共产党@x党的作风@j学习参考资料 |
| 601 | 02 | @a中国共产党@x党的纪律@j学习参考资料 |
| 690 | @aD263.3@v5 | |
| 690 | @aD261.3@v5 | |
| 711 | 02 | @a党性党风党纪教育读本编写组@Adang xing dang feng dang ji jiao yu du ben bian xie zu@4编写 |
| 801 | 0 | @aCN@bAHXH@c20240924 |
| 905 | @b214134051@dD263.3@e2055@f1 | |
| 党性党风党纪教育读本/党性党风党纪教育读本编写组编写.-北京:中国方正出版社,2023 |
| 329页;24cm |
| ISBN 978-7-5174-1167-3:CNY48.00 |
| 本书立足新时代、回望一百年,设置“党性篇”“党风篇”“党纪篇”共十二章,从历史与现实、理论与实践等不同维度,着力回答为什么要重视党性党风党纪、历史上有哪些好传统、新时代如何强化党性党风党纪等问题,引导全体党员干部从思想上固本培元,以坚强的党性、优良的党风、严明的党纪迈上全面建设社会主义现代化国家新征程。 |
| ● |
| 相关链接 |
|
|
|
|
正题名:党性党风党纪教育读本
索取号:D263.3/2055
 
预约/预借
| 序号 | 登录号 | 条形码 | 馆藏地/架位号 | 状态 | 备注 |
| 1 | 1413405 | 214134051 | 第一样本阅览室/ [索取号:D263.3/2055] | 在馆 |